| 000 | 00554nam a2200181Ia 4500 | ||
|---|---|---|---|
| 008 | 100920s9999 xx 000 0 und d | ||
| 082 |
_b29419 _a891.43 थ 60 |
||
| 100 | _aयादव राजेंद्र. | ||
| 245 | _aसारा आकाश. | ||
| 260 |
_bराजकमल प्रकाशन, दिल्ली. _c1960 |
||
| 300 |
_a238 _bसाधी |
||
| 365 | _b0 | ||
| 520 | _aहिंदी. | ||
| 630 | _aसारा आकाश. | ||
| 650 | _aहिंदी. | ||
| 730 | _aसारा आकाश. | ||
| 942 | _cBOOK | ||
| 999 |
_c685190 _d685187 |
||